Foundations of Intelligent Systems 24th International Symposium, ISMIS 2018, Limassol, Cyprus, October 29-31, 2018, Proceedings /

This book constitutes the proceedings of the 24th International Symposium on Foundations of Intelligent Systems, ISMIS 2018, held in Limassol, Cyprus, in October 2018. The 32 full, 8 short, and 4 application papers presented in this volume were carefully reviewed and selected from 59 submissions. Th...

Πλήρης περιγραφή

Λεπτομέρειες βιβλιογραφικής εγγραφής
Συγγραφή απο Οργανισμό/Αρχή: SpringerLink (Online service)
Άλλοι συγγραφείς: Ceci, Michelangelo (Επιμελητής έκδοσης, http://id.loc.gov/vocabulary/relators/edt), Japkowicz, Nathalie (Επιμελητής έκδοσης, http://id.loc.gov/vocabulary/relators/edt), Liu, Jiming (Επιμελητής έκδοσης, http://id.loc.gov/vocabulary/relators/edt), Papadopoulos, George A. (Επιμελητής έκδοσης, http://id.loc.gov/vocabulary/relators/edt), Raś, Zbigniew W. (Επιμελητής έκδοσης, http://id.loc.gov/vocabulary/relators/edt)
Μορφή: Ηλεκτρονική πηγή Ηλ. βιβλίο
Γλώσσα:English
Έκδοση: Cham : Springer International Publishing : Imprint: Springer, 2018.
Έκδοση:1st ed. 2018.
Σειρά:Lecture Notes in Artificial Intelligence ; 11177
Θέματα:
Διαθέσιμο Online:Full Text via HEAL-Link
LEADER 04118nam a2200589 4500
001 978-3-030-01851-1
003 DE-He213
005 20191026221402.0
007 cr nn 008mamaa
008 181006s2018 gw | s |||| 0|eng d
020 |a 9783030018511  |9 978-3-030-01851-1 
024 7 |a 10.1007/978-3-030-01851-1  |2 doi 
040 |d GrThAP 
050 4 |a Q334-342 
072 7 |a UYQ  |2 bicssc 
072 7 |a COM004000  |2 bisacsh 
072 7 |a UYQ  |2 thema 
082 0 4 |a 006.3  |2 23 
245 1 0 |a Foundations of Intelligent Systems  |h [electronic resource] :  |b 24th International Symposium, ISMIS 2018, Limassol, Cyprus, October 29-31, 2018, Proceedings /  |c edited by Michelangelo Ceci, Nathalie Japkowicz, Jiming Liu, George A. Papadopoulos, Zbigniew W. Raś. 
250 |a 1st ed. 2018. 
264 1 |a Cham :  |b Springer International Publishing :  |b Imprint: Springer,  |c 2018. 
300 |a XXV, 464 p. 111 illus.  |b online resource. 
336 |a text  |b txt  |2 rdacontent 
337 |a computer  |b c  |2 rdamedia 
338 |a online resource  |b cr  |2 rdacarrier 
347 |a text file  |b PDF  |2 rda 
490 1 |a Lecture Notes in Artificial Intelligence ;  |v 11177 
505 0 |a Bioinformatics and Health Informatics -- Graph Mining -- Image Analysis -- Intelligent Systems -- Mining Complex Patterns -- Novelty Detection and Class Imbalance -- Social Data Analysis -- Spatio-temporal Analysis -- Granular and Soft Clustering -- Topic Modelling and Opinion Mining. 
520 |a This book constitutes the proceedings of the 24th International Symposium on Foundations of Intelligent Systems, ISMIS 2018, held in Limassol, Cyprus, in October 2018. The 32 full, 8 short, and 4 application papers presented in this volume were carefully reviewed and selected from 59 submissions. The papers deal with topics such as bioinformatics and health informatics, graph mining, image analysis, intelligent systems, mining complex patterns, novelty detection and class imbalance, social data analysis, spatio-temporal analysis, and topic modeling and opinion mining. In addition, three special sessions were organized, namely: Special Session on Granular and Soft Clustering for Data Science, Special Session on Intelligent Methodologies for Traffic Data Analysis and Mining, and Special Session on Advanced Methods in Machine Learning for Modeling Complex Data. 
650 0 |a Artificial intelligence. 
650 0 |a Data mining. 
650 0 |a Application software. 
650 0 |a Optical data processing. 
650 1 4 |a Artificial Intelligence.  |0 http://scigraph.springernature.com/things/product-market-codes/I21000 
650 2 4 |a Data Mining and Knowledge Discovery.  |0 http://scigraph.springernature.com/things/product-market-codes/I18030 
650 2 4 |a Information Systems Applications (incl. Internet).  |0 http://scigraph.springernature.com/things/product-market-codes/I18040 
650 2 4 |a Computer Appl. in Social and Behavioral Sciences.  |0 http://scigraph.springernature.com/things/product-market-codes/I23028 
650 2 4 |a Image Processing and Computer Vision.  |0 http://scigraph.springernature.com/things/product-market-codes/I22021 
700 1 |a Ceci, Michelangelo.  |e editor.  |0 (orcid)0000-0002-6690-7583  |1 https://orcid.org/0000-0002-6690-7583  |4 edt  |4 http://id.loc.gov/vocabulary/relators/edt 
700 1 |a Japkowicz, Nathalie.  |e editor.  |4 edt  |4 http://id.loc.gov/vocabulary/relators/edt 
700 1 |a Liu, Jiming.  |e editor.  |0 (orcid)0000-0002-8669-9064  |1 https://orcid.org/0000-0002-8669-9064  |4 edt  |4 http://id.loc.gov/vocabulary/relators/edt 
700 1 |a Papadopoulos, George A.  |e editor.  |4 edt  |4 http://id.loc.gov/vocabulary/relators/edt 
700 1 |a Raś, Zbigniew W.  |e editor.  |4 edt  |4 http://id.loc.gov/vocabulary/relators/edt 
710 2 |a SpringerLink (Online service) 
773 0 |t Springer eBooks 
776 0 8 |i Printed edition:  |z 9783030018504 
776 0 8 |i Printed edition:  |z 9783030018528 
830 0 |a Lecture Notes in Artificial Intelligence ;  |v 11177 
856 4 0 |u https://doi.org/10.1007/978-3-030-01851-1  |z Full Text via HEAL-Link 
912 |a ZDB-2-SCS 
912 |a ZDB-2-LNC 
950 |a Computer Science (Springer-11645)